| 000 | 00699nam a22001577a 4500 | ||
|---|---|---|---|
| 003 | OSt | ||
| 005 | 20151001153114.0 | ||
| 008 | 151001b xxu||||| |||| 00| 0 eng d | ||
| 040 | _cRUA | ||
| 082 | _aAGR MEN 2012 B050 Or.1 | ||
| 100 |
_91694 _aMENG, KIMHOUR |
||
| 245 | _aEffect of rice husk charcoal and different fertilizers on growth and yield of eggplant, ប្រសិទ្ធភាពធ្យូងអង្កាម និងប្រភេទជីផ្សេងៗគ្នាទៅលើការលូតលាស់ និងទិន្នផលនៃដំណាំត្រប់វែង | ||
| 260 |
_aPhnom Penh _bRUA _c2012 |
||
| 300 |
_ax; 58p. _bill. _c29cm. |
||
| 942 |
_2ddc _cAGR |
||
| 999 |
_c1596 _d1596 |
||